00437nam a22001337a 450000500170000000800410001704100130005808200120007110000130008324501080009626000480020430000250025265000260027720240724063217.0240724b |||||||| |||| 00| 0 eng d aEnglish  a349 SOU lEnglish  aThe South African Law Reports : bIndex to decisions of the Supreme Court of South Africa / cG Duncan  aCape Town : bJuta and Company Ltd, c1933  b183 pages; c25 cm.  aLegal practice bLaw